00317nam a2200121Ia 4500003000400000008004100004082001700045100001800062245005600080260003300136300000800169650001800177OSt191201s2007 xx 000 0 und d a299.936bROS aRONHUBBARD, L 0aScience of Survival of Prediction of Human Behavior aNew DelhibHubbard Pubc2007 a729 aGeneral Books